ICLARM annual report 1997

Uloženo v:
Podrobná bibliografie
Korporativní autor: International Center for Living Aquatic Resources Management
Médium: Kniha
Jazyk:Undetermined
Vydáno: Manila, Philippines International Center for Living Aquatic Resources Management 1998
Témata:
Tagy: Přidat tag
Žádné tagy, Buďte první, kdo otaguje tento záznam!
Thư viện lưu trữ: Trung tâm Học liệu Trường Đại học Cần Thơ
LEADER 00725nam a2200193Ia 4500
001 CTU_149655
008 210402s9999 xx 000 0 und d
082 |a 639.3072 
082 |b I.61/1997 
110 |a International Center for Living Aquatic Resources Management 
245 0 |a ICLARM annual report 1997 
245 0 |c International Center for Living Aquatic Resources Management. 
260 |a Manila, Philippines 
260 |b International Center for Living Aquatic Resources Management 
260 |c 1998 
650 |a Fisheries,Fish culture,Nghề cá,Nuôi cá 
650 |x Research,Research,Nghiên cứu,Nghiên cứu 
904 |i Nguyên 
980 |a Trung tâm Học liệu Trường Đại học Cần Thơ